[Event "Rector Cup MGSU"]
[Site "Moscow RUS"]
[Date "2012.11.09"]
[Round "1.1"]
[White "Nepomniachtchi, Ian"]
[Black "Motruk, Oleg"]
[Result "1-0"]
[WhiteTitle "GM"]
[WhiteElo "2707"]
[BlackElo "1902"]
[WhiteFideId "4168119"]
[BlackFideId "4135083"]
[EventDate "2012.11.09"]

1. e4 e5 2. Nf3 Nc6 3. Bb5 a6 4. Ba4 Nf6 5. d3 b5 6. Bb3 Be7 7. a4 Bb7 8. O-O
O-O 9. Nc3 b4 10. Ne2 d5 11. exd5 Nxd5 12. a5 Kh8 13. Ng3 f5 14. Re1 Qd6 15. Ba4
Bf6 16. Nxf5 Qe6 17. Ng3 Rad8 18. Ne4 Qg4 19. Nfg5 Qxd1 20. Rxd1 Bxg5 21. Bxg5
Rde8 22. Nc5 Ba8 23. Nxa6 Re6 24. Bb3 Rd6 25. Bxd5 Rxd5 26. Nxc7 Rxa5 27. Rxa5
Nxa5 28. Ra1 1-0

[Event "Rector Cup MGSU"]
[Site "Moscow RUS"]
[Date "2012.11.09"]
[Round "1.2"]
[White "Afanasjev, Nikita"]
[Black "Andreikin, Dmitry"]
[Result "0-1"]
[BlackTitle "GM"]
[WhiteElo "1914"]
[BlackElo "2723"]
[WhiteFideId "24169838"]
[BlackFideId "4158814"]
[EventDate "2012.11.09"]

1. c4 e5 2. Nc3 Nf6 3. Nf3 Nc6 4. g3 Bc5 5. Bg2 d6 6. d3 h6 7. a3 a6 8. b4 Ba7
9. Bb2 O-O 10. O-O Bg4 11. h3 Be6 12. Rc1 Nh5 13. Kh2 f5 14. Nd5 Nf6 15. Nd2 Qd7
16. e3 Rae8 17. Nb3 Nd8 18. Nd2 c6 19. Nxf6+ Rxf6 20. c5 Bb8 21. cxd6 Bxd6 22.
Nc4 Bxc4 23. Rxc4 Rf7 24. d4 e4 25. d5 Be5 26. Bxe5 Rxe5 27. dxc6 Nxc6 28. Qc2
Rd5 29. Qa2 Kh7 30. Rfc1 Rf6 31. Rc5 Rfd6 32. g4 Rxc5 33. Rxc5 Rd2 34. Qc4 Qd6+
35. Kg1 Ne5 0-1

[Event "Rector Cup MGSU"]
[Site "Moscow RUS"]
[Date "2012.11.09"]
[Round "1.3"]
[White "Grachev, Boris"]
[Black "Kuzmenko, Vladimir"]
[Result "1-0"]
[WhiteTitle "GM"]
[WhiteElo "2685"]
[BlackElo "1913"]
[WhiteFideId "4129199"]
[BlackFideId "34102202"]
[EventDate "2012.11.09"]

1. c4 d6 2. Nc3 e5 3. g3 Nc6 4. Bg2 f5 5. d3 Nf6 6. e3 g6 7. Nge2 Bg7 8. Rb1 a5
9. a3 O-O 10. b4 axb4 11. axb4 Nh5 12. Nd5 Ne7 13. O-O c6 14. Nxe7+ Qxe7 15. b5
Bd7 16. bxc6 bxc6 17. Rb7 Qe8 18. Qb3 Qc8 19. Qb6 Bf6 20. Qc7 Rf7 21. Bxc6 Bd8 1-0

[Event "Rector Cup MGSU"]
[Site "Moscow RUS"]
[Date "2012.11.09"]
[Round "1.5"]
[White "Savchenko, Boris"]
[Black "Raisov, Erik"]
[Result "1-0"]
[WhiteTitle "GM"]
[WhiteElo "2556"]
[BlackElo "1902"]
[WhiteFideId "4147332"]
[BlackFideId "24110531"]
[EventDate "2012.11.09"]

1. e4 c5 2. Nf3 d6 3. d4 cxd4 4. Nxd4 Nc6 5. Nc3 a6 6. Bc4 Nf6 7. Nxc6 bxc6 8.
e5 dxe5 9. Bxf7+ Kxf7 10. Qxd8 e6 11. Bg5 h6 12. Bxf6 gxf6 13. O-O-O Bg7 14.
Qc7+ Kg6 15. Rd3 Rg8 16. Rg3+ Kh7 17. Ne4 Kh8 18. Qf7 Bb7 19. Nxf6 1-0

[Event "Rector Cup MGSU"]
[Site "Moscow RUS"]
[Date "2012.11.09"]
[Round "1.7"]
[White "Hovhannisyan, Robert"]
[Black "Paldyaev, Vladislav"]
[Result "1-0"]
[WhiteTitle "GM"]
[WhiteElo "2610"]
[BlackElo "1889"]
[WhiteFideId "13302507"]
[BlackFideId "4194977"]
[EventDate "2012.11.09"]

1. e4 c5 2. Nf3 d6 3. d4 cxd4 4. Nxd4 Nf6 5. Nc3 a6 6. Be2 Bd7 7. Be3 g6 8. Qd2
h5 9. O-O-O Bg7 10. h3 Nc6 11. Kb1 b5 12. f3 h4 13. Nxc6 Bxc6 14. Bd3 Rc8 15.
Rhe1 Qa5 16. Qf2 Nd7 17. Bd4 Bxd4 18. Qxd4 Rh5 19. f4 b4 20. Nd5 Bxd5 21. exd5
Rxd5 22. Qh8+ Nf8 23. Qxh4 Ne6 24. Qg4 Qa4 25. b3 Qd7 26. Bxa6 Ra8 27. Rxd5 Rxa6
28. f5 gxf5 29. Rxf5 Qa7 30. Qg8+ Kd7 31. Qxf7 Nc5 32. Rxe7+ 1-0

[Event "Rector Cup MGSU"]
[Site "Moscow RUS"]
[Date "2012.11.09"]
[Round "1.8"]
[White "Krylov, Vladimir"]
[Black "Belous, Vladimir"]
[Result "0-1"]
[BlackTitle "IM"]
[WhiteElo "1882"]
[BlackElo "2554"]
[WhiteFideId "24128074"]
[BlackFideId "4174003"]
[EventDate "2012.11.09"]

1. e4 c5 2. Nc3 Nc6 3. g3 g6 4. Bg2 Bg7 5. f4 e6 6. Nf3 Nge7 7. O-O O-O 8. d3
Nd4 9. Ne2 Nxf3+ 10. Bxf3 d5 11. c3 d4 12. c4 e5 13. g4 exf4 14. Nxf4 Nc6 15. h3
Ne5 16. Bg2 Rb8 17. Nd5 b5 18. b3 Be6 19. Bf4 bxc4 20. bxc4 Rb2 21. Rf2 Rxf2 22.
Kxf2 Qa5 23. Qb3 Kh8 24. Ke2 f5 25. gxf5 gxf5 26. Bxe5 Bxe5 27. Qb7 Qd8 28. Qe7
Qxe7 29. Nxe7 fxe4 30. Bxe4 Bxh3 31. Rh1 Bg4+ 32. Kd2 Rf2+ 33. Ke1 Re2+ 34. Kf1
Bh2 35. Nf5 Rxa2 36. Nh4 Bh3+ 37. Bg2 Bxg2+ 38. Nxg2 Ra1+ 39. Ne1 0-1

[Event "Rector Cup MGSU"]
[Site "Moscow RUS"]
[Date "2012.11.09"]
[Round "1.9"]
[White "Korneev, Oleg"]
[Black "Darjin, Nikolay"]
[Result "1-0"]
[WhiteTitle "GM"]
[WhiteElo "2602"]
[BlackElo "1883"]
[WhiteFideId "4156803"]
[BlackFideId "4180941"]
[EventDate "2012.11.09"]

1. e4 e5 2. Nf3 Nc6 3. Bb5 Nf6 4. O-O a6 5. Bxc6 dxc6 6. Nxe5 Be6 7. Nc3 Bb4 8.
d3 Qe7 9. Bg5 h6 10. Bh4 Bd6 11. Bxf6 gxf6 12. Ng4 O-O-O 13. Qf3 Bxg4 14. Qxg4+
Kb8 15. f4 h5 16. Qf5 Bb4 17. a3 Bxc3 18. bxc3 Rdg8 19. a4 Rg6 20. a5 Rhg8 21.
Rf2 h4 22. h3 Qf8 23. Kh2 Qg7 24. Rg1 Rg3 25. Kh1 Re3 26. c4 Qg3 27. Rgf1 Qg7
28. c5 Rg3 29. Rg1 Rd8 30. Rf3 Rd4 31. Rxg3 hxg3 32. Rb1 Ra4 33. Qd7 Rxa5 34. c4
Qf8 35. Qxc6 1-0

[Event "Rector Cup MGSU"]
[Site "Moscow RUS"]
[Date "2012.11.09"]
[Round "1.10"]
[White "Smirnov, Timofey"]
[Black "Popov, Ivan RUS"]
[Result "0-1"]
[BlackTitle "GM"]
[WhiteElo "1949"]
[BlackElo "2624"]
[WhiteFideId "24176427"]
[BlackFideId "4170350"]
[EventDate "2012.11.09"]

1. f4 g6 2. g3 Bg7 3. Bg2 c5 4. d3 d5 5. Nf3 e6 6. O-O Nc6 7. Qe1 Nge7 8. e4 O-O
9. c3 b6 10. e5 Ba6 11. Qe2 Qd7 12. Rd1 f6 13. exf6 Bxf6 14. Qe1 Rae8 15. d4
cxd4 16. cxd4 Nf5 17. Be3 Nb4 18. Qxb4 Nxe3 19. Rc1 Rc8 20. Qd2 Nxg2 21. Kxg2
Rxc1 22. Qxc1 Be2 23. Ne5 Bxe5 24. dxe5 d4 25. Qd2 Ba6 26. Na3 Qd5+ 27. Kf2 Bb7
28. Rg1 Qxe5 29. Nc2 Qe4 30. Qe2 e5 31. Qxe4 Bxe4 32. Nb4 exf4 33. Re1 fxg3+ 34.
Kxg3 Rf3+ 35. Kg4 Re3 36. Rxe3 dxe3 37. Kg3 a5 38. Na6 h5 39. h4 g5 0-1

[Event "Rector Cup MGSU"]
[Site "Moscow RUS"]
[Date "2012.11.09"]
[Round "1.11"]
[White "Volkov, Sergey"]
[Black "Absoliamov, Javday"]
[Result "1-0"]
[WhiteTitle "GM"]
[WhiteElo "2577"]
[BlackElo "1866"]
[WhiteFideId "4122763"]
[BlackFideId "4186532"]
[EventDate "2012.11.09"]

1. d4 Nf6 2. c4 e6 3. Nc3 d5 4. cxd5 exd5 5. Bg5 Be7 6. e3 O-O 7. Bd3 Be6 8. Nf3
Nbd7 9. h3 a6 10. O-O Rc8 11. Rc1 b5 12. a4 c6 13. Qe2 Qb6 14. Ne5 Rc7 15. axb5
axb5 16. f4 Nb8 17. f5 Bc8 18. Bf4 Ra7 19. g4 Nfd7 20. g5 Nxe5 21. dxe5 Bc5 22.
Kh2 b4 23. Nd1 Ba6 24. Nf2 Bxd3 25. Nxd3 Na6 26. Rf3 Rc8 27. g6 fxg6 28. fxg6
Rf8 29. e6 Be7 30. gxh7+ Kxh7 31. Rg3 Bf6 32. Bd6 Re8 33. Qh5+ 1-0

[Event "Rector Cup MGSU"]
[Site "Moscow RUS"]
[Date "2012.11.09"]
[Round "1.12"]
[White "Ratnikov, Sergey"]
[Black "Vorobiov, Evgeny E."]
[Result "0-1"]
[BlackTitle "GM"]
[WhiteElo "1861"]
[BlackElo "2597"]
[WhiteFideId "24123242"]
[BlackFideId "4121341"]
[EventDate "2012.11.09"]

1. c4 g6 2. Nc3 Bg7 3. g3 e5 4. Bg2 d6 5. d3 Nf6 6. e4 O-O 7. Nge2 c6 8. O-O Na6
9. f4 Nc7 10. fxe5 dxe5 11. Be3 Ng4 12. Qd2 Nxe3 13. Qxe3 Ne6 14. b4 Nd4 15. Qd2
Be6 16. Rab1 Bxc4 17. Rfd1 Be6 18. b5 Nxe2+ 19. Nxe2 Qb6+ 20. Kh1 cxb5 21. a4
Bg4 22. Rf1 Bxe2 23. Rxb5 Bxf1 24. Rxb6 Bxg2+ 25. Kxg2 axb6 26. Qb4 Ra6 27. Qb5
Rfa8 28. Kf3 Rxa4 29. Qxb6 Rd4 30. Qxb7 Rxd3+ 31. Ke2 Rad8 32. Kf2 h5 33. Kg2
Rd2+ 34. Kh3 Bf6 35. Qb6 Kg7 36. Qc7 g5 0-1

[Event "Rector Cup MGSU"]
[Site "Moscow RUS"]
[Date "2012.11.09"]
[Round "2.1"]
[White "Kolbanov, Veniamin M."]
[Black "Nepomniachtchi, Ian"]
[Result "0-1"]
[BlackTitle "GM"]
[WhiteElo "2238"]
[BlackElo "2707"]
[WhiteFideId "24137650"]
[BlackFideId "4168119"]
[EventDate "2012.11.09"]

1. Nf3 Nf6 2. g3 d5 3. d4 g6 4. Bg2 Bg7 5. c4 dxc4 6. Qa4+ Nfd7 7. O-O O-O 8.
Qxc4 Nb6 9. Qd3 Nc6 10. Rd1 a5 11. Nc3 a4 12. Bf4 a3 13. b3 h6 14. h4 Bf5 15.
Qd2 Kh7 16. Rac1 e6 17. Ne5 Nxe5 18. Bxe5 f6 19. Bf4 g5 20. hxg5 hxg5 21. Be3 c6
22. f3 Qe7 23. Bf2 Bg6 24. e4 Rad8 25. Qe2 Qb4 26. Be3 Rd7 27. f4 Rfd8 28. Bf3
Kg8 29. Bh5 Bh7 30. Bf3 gxf4 31. gxf4 Bf8 32. Kf2 Rxd4 33. Rxd4 Rxd4 34. Bxd4
Qxd4+ 35. Qe3 Qb4 36. Ne2 Nd7 37. Rc4 Qa5 38. Qd3 Qc7 39. b4 Nb6 40. Rd4 c5 41.
Rd8 cxb4 42. Bg4 Qe7 43. Ng3 b3 44. Rxf8+ Kxf8 45. Qxb3 Qc5+ 46. Kg2 f5 47. exf5
exf5 48. Bf3 Bg8 49. Qb1 Be6 50. Bxb7 Nc4 51. Bf3 Nb2 52. Qh1 Bxa2 53. Qh6+ Ke7
54. Qh7+ Kd8 55. Nxf5 Be6 56. Qh8+ Kc7 57. Nd4 Bd7 58. Qg7 Kc8 59. Qg8+ Kc7 60.
Qg7 Kc8 61. Qg8+ Kc7 62. Ne6+ Bxe6 63. Qxe6 Nc4 64. Qa6 Na5 65. Qe6 Nc4 66. Qa6
Nd6 67. Qa8 Kb6 68. Bd5 Nb5 69. Qd8+ Nc7 70. Qf6+ Ka5 71. Bb3 0-1

[Event "Rector Cup MGSU"]
[Site "Moscow RUS"]
[Date "2012.11.09"]
[Round "2.2"]
[White "Andreikin, Dmitry"]
[Black "Chizhikov, Vladislav"]
[Result "1-0"]
[WhiteTitle "GM"]
[WhiteElo "2723"]
[BlackElo "2219"]
[WhiteFideId "4158814"]
[BlackFideId "4178157"]
[EventDate "2012.11.09"]

1. d4 d5 2. Nf3 Nf6 3. c4 c6 4. Nc3 e6 5. Qb3 Bd6 6. Bg5 h6 7. Bxf6 Qxf6 8. e4
dxc4 9. Bxc4 Qg6 10. O-O O-O 11. Rad1 Nd7 12. e5 Be7 13. Bd3 Qh5 14. Ne4 Bh4 15.
h3 f5 16. Nd6 Kh8 17. Nxc8 Raxc8 18. Qxe6 Nb6 19. g4 fxg4 20. hxg4 Bxf2+ 21.
Rxf2 Qh3 22. Qg6 Qg3+ 23. Rg2 Qxg2+ 24. Kxg2 Kg8 25. Ng5 hxg5 26. Rh1 1-0

[Event "Rector Cup MGSU"]
[Site "Moscow RUS"]
[Date "2012.11.09"]
[Round "2.3"]
[White "Bitman, Alexander R"]
[Black "Grachev, Boris"]
[Result "1/2-1/2"]
[BlackTitle "GM"]
[WhiteElo "2215"]
[BlackElo "2685"]
[WhiteFideId "4105605"]
[BlackFideId "4129199"]
[EventDate "2012.11.09"]

1. e4 c5 2. Nf3 e6 3. d3 Nc6 4. g3 Nf6 5. Bg2 d5 6. Nbd2 Be7 7. O-O O-O 8. Re1
a5 9. a4 b6 10. e5 Ne8 11. Nf1 Nc7 12. h4 b5 13. axb5 Nxb5 14. c3 Nc7 15. N1h2
Bb7 16. Bg5 Rb8 17. Qd2 d4 18. c4 Ba8 19. Ng4 Rb3 20. Re2 Nb4 21. Ne1 Bxg2 22.
Kxg2 Nc6 23. Nf3 h5 24. Ngh2 Qa8 25. Bxe7 Nxe7 26. Rxa5 Qc6 27. Ra7 Nf5 28. Qa5
Rc8 29. Rd2 Qb6 30. Qxb6 Rxb6 31. Ng5 Ne7 32. Nhf3 Nc6 33. Ra2 Na6 34. Ne4 Nab4
35. Ra3 Ne7 36. Nd6 Rcb8 37. Ng5 f6 38. Nf3 Rxd6 39. exd6 Nec6 40. Re2 Kf7 41.
Nd2 Ne5 42. Ra7+ Kg6 43. f4 Nexd3 44. Rxe6 Nc6 45. Rc7 Nd8 46. Re8 Rxb2 47. Rxd8
Rxd2+ 48. Kf1 Kf5 49. Re8 Rf2+ 50. Kg1 Kg4 51. Re1 Kh3 52. Rce7 1/2-1/2

[Event "Rector Cup MGSU"]
[Site "Moscow RUS"]
[Date "2012.11.09"]
[Round "2.4"]
[White "Grishin, Alexander"]
[Black "Khismatullin, Denis"]
[Result "1-0"]
[BlackTitle "GM"]
[WhiteElo "2219"]
[BlackElo "2646"]
[WhiteFideId "24121940"]
[BlackFideId "4142578"]
[EventDate "2012.11.09"]

1. Nf3 c5 2. e3 g6 3. c4 Bg7 4. Nc3 Nf6 5. d4 cxd4 6. exd4 d5 7. b3 O-O 8. Bb2
Nc6 9. h3 b6 10. Be2 Bb7 11. O-O Rc8 12. Rc1 Bh6 13. Rb1 e6 14. Ne5 dxc4 15.
Nxc6 Bxc6 16. bxc4 Bg7 17. Qb3 Re8 18. Rfd1 Ba8 19. Bf1 Ne4 20. Nb5 Re7 21. Qa4
Bc6 22. Qa6 Rd7 23. Be2 Bxb5 24. Qxb5 Nd6 25. Qa4 Nf5 26. d5 Bxb2 27. Rxb2 exd5
28. Rbd2 d4 29. Bg4 Rc5 30. Qc2 h5 31. Bxf5 Rxf5 32. Qe4 Qf6 33. Qe8+ 1-0

[Event "Rector Cup MGSU"]
[Site "Moscow RUS"]
[Date "2012.11.09"]
[Round "2.5"]
[White "Potkin, Vladimir"]
[Black "Suslin, Alexander"]
[Result "1-0"]
[WhiteTitle "GM"]
[WhiteElo "2665"]
[BlackElo "2182"]
[WhiteFideId "4131061"]
[BlackFideId "4191250"]
[EventDate "2012.11.09"]

1. d4 d5 2. c4 e6 3. Nc3 Nf6 4. cxd5 Nxd5 5. Nf3 Nc6 6. e4 Nf6 7. Bd3 Be7 8. O-O
O-O 9. e5 Nd5 10. Re1 Re8 11. a3 a6 12. Bc2 Bf8 13. Bxh7+ Kxh7 14. Ng5+ Kg6 15.
Qd3+ f5 16. exf6+ Kxf6 17. Qf3+ Ke7 18. Qf7+ Kd6 19. Nce4# 1-0

[Event "Rector Cup MGSU"]
[Site "Moscow RUS"]
[Date "2012.11.09"]
[Round "2.6"]
[White "Yapparov, Timur"]
[Black "Savchenko, Boris"]
[Result "0-1"]
[BlackTitle "GM"]
[WhiteElo "2215"]
[BlackElo "2556"]
[WhiteFideId "24112194"]
[BlackFideId "4147332"]
[EventDate "2012.11.09"]

1. Nf3 c5 2. c4 g6 3. d4 cxd4 4. Nxd4 Bg7 5. e4 b6 6. Nc3 Bb7 7. Be2 Nf6 8. f3
Nc6 9. Nc2 Rc8 10. Rb1 Qc7 11. Bd2 Nh5 12. Nd5 Qb8 13. g4 e6 14. gxh5 exd5 15.
h6 Be5 16. cxd5 Ne7 17. Ne3 f5 18. Bc3 fxe4 19. fxe4 Rxc3 20. bxc3 Bxc3+ 21. Kf2
Qf4+ 22. Bf3 O-O 23. Rb3 Bd4 24. Rd3 Bc5 25. Re1 Qxh2+ 26. Kf1 Ba6 27. Ng4 Qg1+
28. Ke2 Qxg4 0-1

[Event "Rector Cup MGSU"]
[Site "Moscow RUS"]
[Date "2012.11.09"]
[Round "2.7"]
[White "Kharmunova, Nadezhda"]
[Black "Hovhannisyan, Robert"]
[Result "0-1"]
[WhiteTitle "WIM"]
[BlackTitle "GM"]
[WhiteElo "2206"]
[BlackElo "2610"]
[WhiteFideId "4195876"]
[BlackFideId "13302507"]
[EventDate "2012.11.09"]

1. e4 c6 2. d4 d5 3. f3 Qb6 4. Nc3 dxe4 5. fxe4 e5 6. Nf3 exd4 7. Qxd4 Qxd4 8.
Nxd4 Bc5 9. Be3 Nf6 10. O-O-O Nbd7 11. h3 Ne5 12. Bf4 Ng6 13. Bh2 O-O 14. e5 Nd5
15. Ne4 Be7 16. Nd6 Bxd6 17. exd6 Bd7 18. Bd3 a5 19. Rdf1 Nb4 20. a3 Nxd3+ 21.
cxd3 Rfe8 22. Kd2 f6 23. Nf5 Kf7 24. Ng3 Re5 25. Ne4 Rd5 26. Nc3 Rg5 27. Rf2 Re8
28. Ne4 Rb5 29. b4 axb4 30. axb4 Rxb4 31. Nc5 Rb2+ 32. Kc3 Rxf2 33. Nxd7 Rd8 34.
Nc5 b6 35. Nb7 Rd7 0-1

[Event "Rector Cup MGSU"]
[Site "Moscow RUS"]
[Date "2012.11.09"]
[Round "2.8"]
[White "Azarov, Sergei"]
[Black "Burger, Konstantin"]
[Result "1-0"]
[WhiteTitle "GM"]
[WhiteElo "2618"]
[BlackElo "2192"]
[WhiteFideId "13501470"]
[BlackFideId "24118117"]
[EventDate "2012.11.09"]

1. e4 c5 2. Nf3 g6 3. d4 cxd4 4. Nxd4 Nc6 5. c4 Nf6 6. Nc3 Nxd4 7. Qxd4 d6 8.
Bg5 Bg7 9. Be2 O-O 10. Qd2 Be6 11. O-O Rc8 12. b3 a6 13. Rad1 Re8 14. f4 Qa5 15.
Kh1 Bg4 16. Bf3 Bxf3 17. Rxf3 b5 18. e5 dxe5 19. fxe5 Rcd8 20. Qe2 Rxd1+ 21.
Qxd1 Ng4 22. Qd7 Nf2+ 23. Rxf2 Rd8 24. b4 Rxd7 25. bxa5 Bxe5 26. Rd2 Rb7 27. Rc2
bxc4 28. g3 f6 29. Be3 Rd7 30. Ne4 Rd3 31. Bf2 c3 32. Bc5 f5 33. Nf2 Rd5 34. Bb4
Bd4 35. Nd1 Re5 36. Nxc3 Kf7 37. Kg2 h6 38. Rd2 Be3 39. Rd7 Bg5 40. h4 Bf6 41.
Nd5 Ke6 42. Nxf6 exf6 43. Rd6+ Kf7 44. Rxa6 Re2+ 45. Kf3 Rxa2 46. Rb6 g5 47. h5
Ke8 1-0

[Event "Rector Cup MGSU"]
[Site "Moscow RUS"]
[Date "2012.11.09"]
[Round "2.9"]
[White "Belous, Vladimir"]
[Black "Pasalic, Harun"]
[Result "1-0"]
[WhiteTitle "IM"]
[WhiteElo "2554"]
[BlackElo "2189"]
[WhiteFideId "4174003"]
[BlackFideId "14403269"]
[EventDate "2012.11.09"]

1. c4 Nf6 2. Nc3 g6 3. e4 d6 4. d4 Bg7 5. f3 O-O 6. Be3 c5 7. Nge2 cxd4 8. Nxd4
Nc6 9. Be2 Nxd4 10. Bxd4 Bd7 11. O-O a5 12. b3 Bc6 13. Qd2 Nd7 14. Be3 Nc5 15.
Rac1 Qb6 16. Nd5 Bxd5 17. cxd5 Qb4 18. Rc4 Qxd2 19. Bxd2 b5 20. Rc2 Rfb8 21. Be3
b4 22. Rd1 Bc3 23. Bxc5 dxc5 24. a4 Bd4+ 25. Kf1 g5 26. Bb5 Rb6 27. Bc6 Rd8 28.
Ke2 e6 29. Kd3 Kg7 30. Kc4 e5 31. g3 Rd6 32. Rxd4 Rbxc6 33. dxc6 1-0

[Event "Rector Cup MGSU"]
[Site "Moscow RUS"]
[Date "2012.11.09"]
[Round "2.10"]
[White "Skorodumov, Vladimir"]
[Black "Korneev, Oleg"]
[Result "0-1"]
[BlackTitle "GM"]
[WhiteElo "2205"]
[BlackElo "2602"]
[WhiteFideId "24180122"]
[BlackFideId "4156803"]
[EventDate "2012.11.09"]

1. c4 e5 2. g3 Nc6 3. Bg2 Nf6 4. Nf3 Bc5 5. O-O d6 6. Nc3 a6 7. d3 h6 8. b3 O-O
9. Bb2 Nd4 10. Nd2 c6 11. h3 Ba7 12. Kh2 d5 13. Rc1 Re8 14. cxd5 cxd5 15. e3 Nc6
16. a3 Bf5 17. e4 dxe4 18. dxe4 Be6 19. Na4 Bd4 20. Bxd4 Nxd4 21. Nc5 Qa5 22.
Nxe6 Rxe6 23. Nc4 Qb5 24. b4 Rc8 25. Ne3 Rec6 26. Rxc6 Qxc6 27. Nd5 Nxd5 28.
exd5 Qd6 29. Qg4 Rc3 30. Re1 f5 31. Qh5 e4 32. Qe8+ Kh7 33. Rxe4 fxe4 34. Bxe4+
g6 35. Qf7+ Kh8 36. Qe8+ Kg7 37. h4 Rc7 38. Qa4 Re7 39. Bg2 Re2 40. Qd1 Qf6 41.
Kg1 Qxf2+ 0-1

[Event "Rector Cup MGSU"]
[Site "Moscow RUS"]
[Date "2012.11.09"]
[Round "2.11"]
[White "Popov, Ivan RUS"]
[Black "Gvanceladze, Anna"]
[Result "1-0"]
[WhiteTitle "GM"]
[BlackTitle "WFM"]
[WhiteElo "2624"]
[BlackElo "2188"]
[WhiteFideId "4170350"]
[BlackFideId "4113721"]
[EventDate "2012.11.09"]

1. e4 c6 2. Nc3 d5 3. Nf3 Bg4 4. h3 Bxf3 5. Qxf3 Nf6 6. d3 e6 7. Bd2 Bb4 8. a3
Ba5 9. e5 Nfd7 10. Qg3 g6 11. d4 a6 12. h4 h5 13. b4 Bb6 14. Qf4 a5 15. Rb1 axb4
16. axb4 Bc7 17. Bd3 b6 18. Ne2 b5 19. g4 Nf8 20. gxh5 gxh5 21. Qf3 Nbd7 22. Bg5
Qb8 23. Nf4 Qb6 24. c3 Ra2 25. O-O Bd8 26. Nxh5 Rg8 27. Kh1 Bxg5 28. Rg1 Nxe5
29. dxe5 Rxf2 30. Qh3 Bf4 31. Nf6+ Kd8 32. Rxg8 Rh2+ 33. Qxh2 Bxh2 34. Rxf8+ Kc7
35. Rxf7+ Kc8 36. Ra1 Bxe5 37. Ra8+ 1-0

[Event "Rector Cup MGSU"]
[Site "Moscow RUS"]
[Date "2012.11.09"]
[Round "2.12"]
[White "Shaydullina, Sandugach"]
[Black "Volkov, Sergey"]
[Result "0-1"]
[WhiteTitle "WGM"]
[BlackTitle "GM"]
[WhiteElo "2172"]
[BlackElo "2577"]
[WhiteFideId "4140389"]
[BlackFideId "4122763"]
[EventDate "2012.11.09"]

1. d4 d5 2. c4 c6 3. cxd5 cxd5 4. Nc3 Nc6 5. Nf3 Nf6 6. Bf4 Nh5 7. Bg5 h6 8. Bd2
Nf6 9. Bf4 g5 10. Be5 Bg7 11. e3 g4 12. Bxf6 Bxf6 13. Ng1 e5 14. Bb5 a6 15.
Bxc6+ bxc6 16. Nge2 h5 17. O-O h4 18. Rc1 a5 19. Na4 Bd7 20. Nc5 Kf8 21. Qa4 Be8
22. dxe5 Bxe5 23. Qxg4 Bxb2 24. Rb1 Qf6 25. Nd4 Rg8 26. Qxg8+ Kxg8 27. Rxb2 Kh7
28. Rb7 a4 29. Rc1 a3 30. h3 Qg6 31. Nce6 Kg8 32. Nc7 Rd8 33. Nxe8 Rxe8 34. Nxc6
Qd3 35. Rb3 Qd2 36. Ra1 f5 37. Nd4 f4 38. Nf3 Qc2 39. Nxh4 fxe3 40. fxe3 Qe2 41.
Nf5 Kh8 42. Nd4 Qd2 43. Nf3 Qc2 44. Nd4 Qe4 45. Rf1 Qe7 46. Rf5 Rc8 47. Rh5+ Kg8
48. e4 Qxe4 49. Rg3+ Kf7 50. Rg4 Qb1+ 51. Kh2 Qb8+ 52. Rg3 Rg8 53. Rh7+ Ke8 54.
Re7+ Kf8 55. Rc7 Rxg3 56. Ne6+ Kg8 57. Kxg3 d4 58. Kf3 d3 59. Rd7 Qe5 60. Rd8+
Kf7 61. Nf4 Qa1 62. Rxd3 Qxa2 63. g4 Qa1 64. g5 a2 65. g6+ Kf6 66. Rd6+ Ke7 67.
Re6+ Kd7 68. g7 Qxg7 69. Ra6 a1=Q 70. Rxa1 Qxa1 71. h4 Qd1+ 72. Kg3 Qg1+ 73. Kf3
Qd1+ 74. Kg3 Qe1+ 75. Kg4 Qd1+ 76. Kg5 Ke8 77. h5 Kf7 78. h6 Qg1+ 79. Kf5 Qb1+
80. Kg5 Qg1+ 81. Kf5 Qc5+ 82. Kg4 Qc8+ 83. Kg5 Qd8+ 84. Kg4 Kg8 85. Nh3 Qd7+ 86.
Kh4 Qd4+ 87. Kh5 Qd1+ 88. Kg5 Kh7 89. Nf4 Qg1+ 90. Kh5 Qh1+ 91. Kg5 Qxh6+ 92.
Kg4 Qa6 93. Kg5 Kg7 94. Nh5+ Kf7 95. Nf4 Qb5+ 96. Kg4 Qe5 97. Nh5 Qe4+ 98. Kg5
Qg6+ 99. Kh4 Qg2 100. Ng3 Qf3 101. Nh5 Kg6 102. Ng3 Qd1 103. Kh3 Kg5 104. Kg2
Kg4 105. Nh1 Qc2+ 106. Nf2+ Kf4 107. Kh1 Kf3 0-1

[Event "Rector Cup MGSU"]
[Site "Moscow RUS"]
[Date "2012.11.10"]
[Round "3.1"]
[White "Nepomniachtchi, Ian"]
[Black "Hait, Alexander"]
[Result "1-0"]
[WhiteTitle "GM"]
[BlackTitle "IM"]
[WhiteElo "2707"]
[BlackElo "2377"]
[WhiteFideId "4168119"]
[BlackFideId "4104943"]
[EventDate "2012.11.09"]

1. e4 d6 2. d4 Nf6 3. Nc3 g6 4. g3 Bg7 5. Bg2 O-O 6. Nge2 e5 7. O-O c6 8. a4
exd4 9. Nxd4 Na6 10. h3 Nb4 11. a5 d5 12. exd5 Nbxd5 13. Nxd5 cxd5 14. c3 Re8
15. Qb3 a6 16. Be3 Ne4 17. Nc2 Be6 18. Rfd1 Qc8 19. Bd4 Bxh3 20. Qxd5 Bxg2 21.
Kxg2 Nf6 22. Qf3 Re6 23. Re1 Qd7 24. Rxe6 fxe6 25. Bxf6 Rf8 26. Rd1 Qa4 27. Rd8
Qxc2 28. Rxf8+ Bxf8 29. Qxb7 Qd3 30. Bd4 h5 31. b4 1-0

[Event "Rector Cup MGSU"]
[Site "Moscow RUS"]
[Date "2012.11.10"]
[Round "3.2"]
[White "Lazarev, Gennady"]
[Black "Andreikin, Dmitry"]
[Result "0-1"]
[WhiteTitle "IM"]
[BlackTitle "GM"]
[WhiteElo "2361"]
[BlackElo "2723"]
[WhiteFideId "4125940"]
[BlackFideId "4158814"]
[EventDate "2012.11.09"]

1. e4 c5 2. d4 cxd4 3. c3 Nf6 4. e5 Nd5 5. Nf3 e6 6. Bc4 Nb6 7. Bb3 Nc6 8. cxd4
d5 9. exd6 Qxd6 10. Nc3 Be7 11. O-O Nb4 12. a4 O-O 13. a5 N6d5 14. Ne4 Qa6 15.
Bg5 f6 16. Be3 Bd7 17. Nc3 Rac8 18. Nxd5 Nxd5 19. Bxd5 exd5 20. Qb3 Qc4 21. Qxc4
Rxc4 22. Rfc1 Rfc8 23. Rxc4 Rxc4 24. Rc1 Ra4 25. Bd2 Bd6 26. h3 Kf7 27. Bc3 b5
28. axb6 axb6 29. b3 Ra3 30. Nd2 Ra2 31. Nf1 Ra3 32. Ne3 Rxb3 33. Nxd5 Ba3 34.
Rc2 Rb1+ 35. Kh2 Bd6+ 36. f4 Be6 0-1

[Event "Rector Cup MGSU"]
[Site "Moscow RUS"]
[Date "2012.11.10"]
[Round "3.3"]
[White "Krivenko, Sergey"]
[Black "Potkin, Vladimir"]
[Result "0-1"]
[BlackTitle "GM"]
[WhiteElo "2356"]
[BlackElo "2665"]
[WhiteFideId "24124753"]
[BlackFideId "4131061"]
[EventDate "2012.11.09"]

1. d4 d5 2. c4 e6 3. Nc3 c6 4. Nf3 Nf6 5. Bg5 h6 6. Bxf6 Qxf6 7. e3 Nd7 8. Bd3
dxc4 9. Bxc4 g6 10. O-O Bg7 11. e4 O-O 12. Qe2 Qe7 13. Bb3 b6 14. e5 Bb7 15.
Rfe1 Rfd8 16. Rad1 Rab8 17. Bc2 b5 18. Ne4 c5 19. dxc5 Nxc5 20. Nd6 Bxf3 21.
Qxf3 Nd7 22. Qe2 Nxe5 23. Nxb5 a6 24. Rxd8+ Qxd8 25. Nc3 Rxb2 26. Rb1 Rxb1+ 27.
Nxb1 Qa5 28. a4 Nc6 29. Bd1 Nd4 30. Qd2 Qb6 31. Nc3 h5 32. Ne2 Nf5 33. Qd3 h4
34. h3 0-1